000 00466nam a2200169Ia 4500
008 240729s9999 xx 000 0 und d
022 _a2622-8319
245 0 _aJournal of Applied Sciences in Travel and Hospitality
260 _aIndonesia
260 _bPoliteknik Negeri Bali
650 _a Business
650 _a Commerce
650 _aSocial Sciences
856 _uhttps://doaj.org/toc/aabf9a3ee5ab43d6984bd47544fd6ede
942 _2ddc
942 _cDOAJEJ
999 _c65866
_d65866
945 _a1
_bMadushi Gamage
_c1
_dMadushi Gamage